01410nam a2200349 i 4500003000900000005001700009007000300026008004100029020003100070020002200101020002200123040003000145082001400175100003700189240002500226245009000251264005100341300004200392336002700434337003400461338002800495490005500523504004000578590002700618700004600645700005000691910001400741942001400755952013700769952013700906999001701043DO-SdBNP20240917153955.0ta240829s1985 sp a 000 0 spa d a8434581450 (obra completa) a8434581752 (v. 2) a8434581744 (v. 1) aDO-SdBNPbspacBNPHUerda bG633a222 aTroyat, Henri,d1911-2007913620 aDostoïevski /lfre10aDostoyevski /cHenri Troyat : prólogo Joaquín Marco : traducción Irene Andresco 1aBarcelona, España :bSalvat editores,c1986. a2 volúmenes bilustracionesc20 cm. 2rdacontentatextobtxt 2rdamediaasin mediación bn 2rdacarrieravolumenbnc1 aBiblioteca Salvat de grandes biografíasv29, 30. aBibliografía del volumen 2 p: 373 aInventariado, 2024/ YL1 4prol.aMarco. Joaquíneprólogo9592711 4trad.aAndresco, Irene etraducción986461 aYLockward 2ddccLBS1 00102ddc56708GRaBNPHUbBNPHUcCTd2008-08-01eDonación CSICl0oBNPHU GR G633ap2024-5143r2024-08-29tv. 2w2024-08-29yLBS1 00102ddc56708GRaBNPHUbBNPHUcCTd2008-08-01eDonación CSICl0oBNPHU GR G633ap2024-5389r2024-09-17tv. 1w2024-09-17yLBS1 c57578d57578